| 000 | 00455nam a22001817a 4500 | ||
|---|---|---|---|
| 003 | MPLRDC | ||
| 005 | 20220104113542.0 | ||
| 008 | 210129b ||||| |||| 00| 0 eng d | ||
| 020 | _a957-08-1271-0 | ||
| 082 | _a848.1 LYT-17 v.1 | ||
| 100 | _a林太乙编 | ||
| 245 |
_a论幽默: 语堂幽默文选. 上 _c |
||
| 250 | _a初版 | ||
| 260 |
_a _b联经出版事业公司 _c1994 |
||
| 300 | _b平 | ||
| 650 | _a现代别集 | ||
| 942 |
_cBK _o848.1 LYT-17 v.1 |
||
| 999 |
_c548 _d538 |
||